Països per les 2 primeres lletres en 90 segons - Statistics

General Stats
  • This quiz has been taken 16 times
  • The average score is 124 of 196
Answers on the Map
Answers color-coded by a green-red scale on the quiz's map according to % correct below.
 
Answer Stats
País % Correct
Albània
94%
Alemanya
94%
Algèria
94%
Aràbia Saudita
94%
Argentina
94%
Armènia
94%
Austràlia
94%
Àustria
94%
Cambodja
94%
Camerun
94%
Canadà
94%
Cap Verd
94%
Eslovàquia
94%
Eslovènia
94%
Espanya
94%
Estats Units
94%
Estònia
94%
Eswatini
94%
França
94%
Índia
94%
Indonèsia
94%
Micronèsia
94%
Sud-àfrica
94%
Sudan
94%
Sudan del Sud
94%
Suècia
94%
Suïssa
94%
Surinam
94%
Brasil
88%
Brunei
88%
Colòmbia
88%
Comores
88%
Corea del Nord
88%
Corea del Sud
88%
Costa d'Ivori
88%
Costa Rica
88%
Fiji
88%
Filipines
88%
Finlàndia
88%
Illes Marshall
88%
Iran
88%
Iraq
88%
Irlanda
88%
Itàlia
88%
Macedònia del Nord
88%
Madagascar
88%
Malàisia
88%
Malawi
88%
Maldives
88%
Mali
88%
Malta
88%
Marroc
88%
Maurici
88%
Mauritània
88%
Mèxic
88%
Noruega
88%
Nova Zelanda
88%
Polònia
88%
Portugal
88%
República del Congo
88%
República Democràtica del Congo
88%
Xile
88%
Xina
88%
Xipre
88%
Països Baixos
81%
Pakistan
81%
Palau
81%
Panamà
81%
Papua Nova Guinea
81%
Paraguai
81%
Regne Unit
81%
República Centreafricana
81%
República Dominicana
81%
República Txeca
81%
Rússia
81%
Tunísia
81%
Turkmenistan
81%
Turquia
81%
Tuvalu
81%
Andorra
75%
Angola
75%
Antigua i Barbuda
75%
Dinamarca
75%
Egipte
75%
Moçambic
75%
Moldàvia
75%
Mònaco
75%
Mongòlia
75%
Montenegro
75%
Perú
75%
Bolívia
69%
Bòsnia i Hercegovina
69%
Botswana
69%
Islàndia
69%
Israel
69%
Líban
69%
Libèria
69%
Líbia
69%
Liechtenstein
69%
Lituània
69%
Somàlia
69%
Uruguai
69%
Bèlgica
63%
Belize
63%
Benín
63%
Bulgària
63%
Burkina Faso
63%
Burundi
63%
Grècia
63%
Grenada
63%
Romania
63%
Ucraïna
63%
Veneçuela
63%
Bielorússia
56%
Etiòpia
56%
Guatemala
56%
Guinea
56%
Guinea Bissau
56%
Guinea Equatorial
56%
Guyana
56%
Hondures
56%
Hongria
56%
Jamaica
56%
Japó
56%
Kazakhstan
56%
Lesotho
56%
Letònia
56%
Myanmar
56%
Senegal
56%
Sèrbia
56%
Seychelles
56%
Tadjikistan
56%
Tailàndia
56%
Taiwan
56%
Tanzània
56%
Cuba
50%
Eritrea
50%
Nicaragua
50%
Níger
50%
Nigèria
50%
Afganistan
44%
Croàcia
44%
Namíbia
44%
Nauru
44%
Oman
44%
Vietnam
44%
Bahames
38%
Bahrain
38%
Bangladesh
38%
Barbados
38%
Equador
38%
Iemen
38%
Illes Salomó
38%
Laos
38%
Nepal
38%
Sierra Leone
38%
Singapur
38%
Síria
38%
Zàmbia
38%
Zimbàbue
38%
Ciutat del Vaticà
31%
El Salvador
31%
Gabón
31%
Gàmbia
31%
Saint Kitts i Nevis
31%
Saint Lucia
31%
Saint Vincent i les Grenadines
31%
Samoa
31%
San Marino
31%
São Tomé i Príncipe
31%
Togo
31%
Tonga
31%
Txad
31%
Djibouti
25%
Jordània
25%
Kenya
25%
Kirguizistan
25%
Kiribati
25%
Rwanda
25%
Uganda
25%
Uzbekistan
25%
Ghana
19%
Haití
19%
Kosovo
19%
Sri Lanka
19%
Vanuatu
19%
Azerbaidjan
13%
Bhutan
13%
Emirats Àrabs Units
13%
Geòrgia
13%
Kuwait
13%
Luxemburg
13%
Dominica
6%
Qatar
6%
Timor Oriental
6%
Trinitat i Tobago
0%
No matching quizzes found
Score Distribution
Percent of People with Each Score
Percentile by Number Answered
Your Score History
You have not taken this quiz